000 00805nam a2200241 i 4500
001 bg
003 BPK
005 20200514141338.0
008 060606s2006 pl |000 0 pol
020 _a8360089194
040 _cBPK
041 0 _apol
080 _a613/614(100)
100 1 _a Karski, Jerzy Bohdan
_d(1934-2009).
245 1 0 _aPostępy promocji zdrowia :
_bprzegląd międzynarodowy /
_cJerzy B. Karski.
260 _aWarszawa :
_b"CeDeWu",
_c2006.
300 _a218 s. :
_bwykr. ;
_c24 cm.
504 _aBibliogr.
650 4 _aPromocja zdrowia
856 _uhttp://koha.tu.koszalin.pl/cgi-bin/koha/opac-detail.pl?biblionumber=51830
_yKatalog online BPK
942 _cKS
_2UKD
999 _c51830
_d51830